00870nam a22002177a 450000500170000001000150001702000260003203500140005803700090007208200140008110000270009524501140012225000060023626000420024227001070028430000200039170000390041194200280045099900190047895201550049720241122143708.0 aENG-142446 a9788119896240c499.00 aEN-125978 bDBAD 21a659.11 aS. Ramesh Kumar974044 aAdvertising, Brands and Consumer Behaviour:bThe Indian Context/cBy S. Ramesh Kumar [and] Anup Krishnamurthy a1 aNoida bPearson India Educationc2024 a15th floor, Tower- B, World Trade Tower, plot No.1, Block -C, Sector-16, Noida,bUttar Pradeshe201301 a262p.c23cm(pb) aKrishnamurthy, AnupeAuthor973496 2ddccENh659.11mSRAe1 c206772d206772 001040708NFICaBNbBNd2024-10-25eDelivery of Books Act Divisiong499.00l0o659.11 SRApEN-125978r2024-10-25 00:00:00t1v499.00w2024-10-25yEN